| 000 | 00387nam a22001457a 4500 | ||
|---|---|---|---|
| 082 | _aP-111 | ||
| 100 |
_aBukhtiar _947793 |
||
| 245 |
_aBeahavior of RCC Beam _cAurangzeb |
||
| 260 |
_aRisalpur _bMilitary College of Engineering Risalpur _c19-04-2000 |
||
| 526 |
_a0 _b0 _c0 _dP_111 |
||
| 526 |
_a0 _b0 _c0 _dP_111 |
||
| 650 | _aProject | ||
| 700 |
_aMuhammad Nasir _915378 |
||
| 942 |
_2ddc _cBK |
||
| 999 |
_c550927 _d550927 |
||